000 01851nam a22002894aa4500
003 BOFEUTO
005 20260513095152.0
008 260504t2025 bo gr 000 f spa d
040 _6BOFEUTO
_aBOFEUTO
_cBOFEUTO
041 _aspa
044 _abo
082 _aTE6311
_bR165p
100 _aRamírez Huajlla, Paola Dayana
_eautor
245 _aPlan de negocios para la creación de un emprendimiento dedicada a la producción y comercialización de conos y barquillos de gallera la helados en la ciudad de Oruro . /
_c Paola Dayana Ramírez Huajlla, Clara Rojas Paredes
260 _aOruro :
_bs/n,
_c2025.
300 _a213 hojas ;
_bgráf, ilus. ;
_c28.5 cm.
500 _aIncluye bibliografía, anexos.
502 _aTesis Dirigida, (Licenciatura) -- Universidad Técnica de Oruro, Facultad de Ciencias Económicas, Financieras y Administrativas, Carrera Administración de Empresas, 2025.
520 _aHuara la crujencia de la felicidad es un innovador emprendimiento local en Oruro, Bolivia, enfocando en la producción y comercialización de conos y barquillo de galletas crujientes y de calidad. Nuestro emprendimiento buscar beneficiar a los consumidores, ofreciendo cono y barquillos de excelente calidad y sabor a precios atractivos, mejorando su experiencia al disfrutar de helados y postres. Asimismo, contribuiremos al desarrollo económico local generando empleo estable y digno postres. En huara , no solo elaboramos galletas; creamos experiencias que deleitan. Nos dedicamos a producir conos y barquillos que son sinónimos de frescura, sabor y una crocancia inigualable, elevando el estándar de los postres en Oruro.
650 _aPlan de Negocios
653 _aCreación
653 _aProducción
653 _aComercialización
653 _aDemanda
700 _aRojas Paredes, Clara
_etutor
942 _2ddc
_cTE
_n0
999 _c16166
_d16166